000 01331nam a2200349Ia 4500
005 20220317001539.0
008 161108s2015 sp a g 000 j s
020 _a9788494303814
100 1 _aLang, Andrew
_d1844-1912
245 1 0 _aEros y Psique ; Bella y la bestia
_cAndrew Lang ; ilustrado por Lucia Sforza ; [traducción
_bClarisa de la Rosa]
250 _a1a. edición
300 _a80 páginas
_bilustraciones en blanco y negro
_c18 cm
490 _aAmor y susto
500 _aIncluye nota explicativa sobre el tema del amor en el cuento tradicional
500 _atraductora tomada de preliminares
534 _tEros and Psique. The Beauty and the Beast
600 1 4 _aAutores Escoceses
_ySiglo XIX
_975516
650 1 4 _2LEMB
_aCuentos franceses
_ySiglo XIX
650 1 4 _2LEMB
_aCuentos romanos
_ySiglo XIX
650 1 4 _2LEMB
_aMitología griega en la literatura
650 1 4 _2LEMB
_aCuentos populares en la literatura
650 1 4 _2LEMB
_aAmor en la literatura
700 1 _aSforza, Lucia
_eilustradora
_975521
700 1 _aDe la Rosa, Clarisa
_etraductora
_975522
942 _2loc
_cBKLIT
264 _aBarcelona
_bEkaré
_c2015
336 _atexto
_btxt
_2rdacontent
337 _asin mediación
_bn
_2rdamedia
338 _avolumen
_bnc
_2rdacarrier
040 _aCO-BoRNBP
_bspa
_erda
_cCO-BoRNBP
084 _aC LAN7
999 _c7318
_d7318